000 01312nam a2200217 i 4500
001 154214
003 ES-MaACL
005 20250806054528.0
008 020717s1822 sp |||| | spa d
100 1 _aGalli i Camps, Lleonard,
_d1751-1830
_953614
245 1 0 _aContestación al informe inserto en los números III y IV, tomo 2º, páginas 97 y 145 de las décadas médico-quirúrgicas y farmacéuticas ó sea justa vindicación de los autores del reglamento del estudio reunido de Medicina y Cirugía /
_cpor ... Leonardo de Galli.
260 _aMadrid :
_b[s.n.],
_c1822 (
_fImp. que fue de Fuentenebro)
300 _a148, 194, [1] p. ;
_c22 cm.
505 8 _aIncluye: Reglamento general de reforma para el régimen escolático y económico de las reales escuelas de medicina, cirugía, farmacia, o Arte de curar y para el gobierno de esta facultad en todo el reyno, 194 p.
530 _aDisponible en formato digital.
650 7 _aMedicina-
_zEspaña-
_yS.XIX
_2
_9147760
740 0 2 _aDécadas médico-quirúrgicas y farmacéuticas.
852 _aES-MaACL
_jG-1009
_z- Enc. hol.
_z. - Donativo de M. de Seoane
856 _uhttp://bibliotecadigitalhispanica.bne.es:80/webclient/DeliveryManager?pid=1882551&custom_att_2=simple_viewer
_zBiblioteca Digital Hispánica
999 _c154214
_d154214